000 00469nab a2200145Ia 4500
003 ES-SlBCS
005 20210601131336.0
008 140529s1958 xxu||||| |||| 00| 0 fre d
041 _afre
100 1 _aRudrauf, Lucien
_9184164
245 0 0 _aLa pensée classique et le problème des formes d'art
_c Lucien Rudrauf
650 0 4 _aPensamiento Clásico
_9184165
773 0 _tRevue Internationale de Philosophie
_gvol. 12, nº. 43, 1958, págs. 58-74
_wRev889
942 _cAR
999 _c561561
_d561561